00374nam a22001217a 4500003000400000005001700004008004100021050002300062082002500085245005100110260006300161300002800224OSt20140310182216.0130907t xxu||||| |||| 00| 0 eng d aBT 482 b.J58 1986 aHS 232.91 bD36 1981 aJesus who is he:c Philippine Bible Society.  aManila, Philippines : bPhilippine Bible Society,cc1986.  a101 p. :bill. ;c17 cm